[Event "Manny Pacquiao op"]
[Site "General Santos City"]
[Date "2022.12.16"]
[Round "7"]
[White "Salcedo, Richilieu"]
[Black "Nebato, Sheider"]
[Result "1-0"]
[WhiteElo "2314"]
[BlackElo "2224"]
[PlyCount "81"]
[EventDate "2022.12.13"]
[EventType "swiss"]
[EventRounds "9"]
[EventCountry "PHI"]
[SourceTitle "EXT 2024"]
[Source "ChessBase"]
[SourceDate "2023.10.10"]
[SourceVersion "1"]
[SourceVersionDate "2023.10.10"]
[SourceQuality "1"]

1. c4 Nf6 2. Nc3 g6 3. g3 Bg7 4. Bg2 0-0 5. e4 d6 6. Nge2 Nbd7 7. 0-0 Rb8 8. d3 a6 9. a4 b6 10. h3 c6 11. Be3 Bb7 12. Qd2 Ba8 13. b4 a5 14. Rab1 axb4 15. Rxb4 c5 16. Rb3 Ne5 17. Rfb1 Nc6 18. Nd5 Nd7 19. Bg5 Re8 20. h4 f6 21. Bh6 e6 22. Bxg7 Kxg7 23. Ne3 Qe7 24. h5 Rh8 25. d4 cxd4 26. Nxd4 Nce5 27. h6+ Kf7 28. f4 Nc6 29. Nb5 Rhd8 30. Rd3 Nc5 31. Rxd6 Rxd6 32. Nxd6+ Kf8 33. e5 fxe5 34. Bxc6 Bxc6 35. fxe5 Kg8 36. Ng4 Qa7 37. a5 bxa5 38. Nf6+ Kf8 39. Rxb8+ Qxb8 40. Nxh7+ Kg8 41. Nf6+ 1-0

[Event "Kuala Lumpur op 8th"]
[Site "Kuala Lumpur"]
[Date "2011.08.19"]
[Round "3"]
[White "Salcedo, Richilieu"]
[Black "Lee Kah Meng, Elgin"]
[Result "0-1"]
[WhiteElo "2222"]
[BlackElo "1985"]
[PlyCount "52"]
[EventDate "2011.08.18"]
[EventType "swiss"]
[EventRounds "9"]
[EventCountry "MAS"]
[SourceTitle "CBM 144 Extra"]
[Source "ChessBase"]
[SourceDate "2011.10.28"]
[SourceVersion "1"]
[SourceVersionDate "2011.10.28"]
[SourceQuality "1"]

1. c4 c6 2. d4 d5 3. Nf3 Nf6 4. Nc3 dxc4 5. a4 Bf5 6. e3 e6 7. Bxc4 Bb4 8. 0-0 0-0 9. Qe2 Bg6 10. Ne5 Nbd7 11. Nxg6 hxg6 12. f4 Qe7 13. e4 Nb6 14. Bb3 c5 15. dxc5 Bxc3 16. cxb6 Bd4+ 17. Kh1 Bxb6 18. e5 Nd7 19. Rf3 Rac8 20. Rh3 Rfd8 21. f5 Nf8 22. fxg6 Nxg6 23. Qh5 Qc5 24. Bg5 f6 25. Bxe6+ Kf8 26. Qxg6 Qc1+ 0-1

[Event "Subic Bay op"]
[Site "Subic Bay"]
[Date "2009.05.29"]
[Round "7"]
[White "Bancod, Ronald"]
[Black "Salcedo, Richilieu"]
[Result "1-0"]
[WhiteElo "2356"]
[BlackElo "2203"]
[PlyCount "103"]
[EventDate "2009.05.25"]
[EventType "swiss"]
[EventRounds "9"]
[EventCountry "PHI"]
[SourceTitle "CBM 130 Extra"]
[Source "ChessBase"]
[SourceDate "2009.07.02"]
[SourceVersion "2"]
[SourceVersionDate "2009.07.15"]
[SourceQuality "1"]

1. e4 c5 2. Nf3 Nc6 3. Bb5 g6 4. 0-0 Bg7 5. c3 Nf6 6. Re1 0-0 7. h3 d6 8. d4 cxd4 9. cxd4 Qb6 10. Nc3 a6 11. Bf1 Rd8 12. Bg5 e6 13. d5 Ne7 14. Qd2 e5 15. Na4 Qc7 16. Rac1 Qb8 17. Nb6 Ra7 18. a4 Bd7 19. a5 Nc8 20. Qb4 Nxb6 21. Qxb6 Be8 22. Nd2 h6 23. Be3 Ra8 24. Rc7 Rd7 25. Rec1 g5 26. b4 Bf8 27. b5 axb5 28. Bxb5 Rxc7 29. Rxc7 Bxb5 30. Rxb7 Qc8 31. Qxb5 Rxa5 32. Qc6 Ra1+ 33. Kh2 Rc1 34. Qxc8 Rxc8 35. g4 Rc3 36. Kg2 Kg7 37. Kf3 Kg6 38. Nf1 h5 39. Ng3 h4 40. Nf5 Rc8 41. Rb6 Rd8 42. Rc6 Ne8 43. Bb6 Ra8 44. Bc5 Rd8 45. Rb6 f6 46. Bb4 Rd7 47. Ke3 Kf7 48. Kd3 Be7 49. Kc4 Bf8 50. Kb5 Kg6 51. Rb8 Kf7 52. Ba5 1-0

[Event "Subic Bay op"]
[Site "Subic Bay"]
[Date "2009.05.28"]
[Round "5"]
[White "Andador, Rolando"]
[Black "Salcedo, Richilieu"]
[Result "1-0"]
[WhiteElo "2286"]
[BlackElo "2203"]
[PlyCount "95"]
[EventDate "2009.05.25"]
[EventType "swiss"]
[EventRounds "9"]
[EventCountry "PHI"]
[SourceTitle "CBM 130 Extra"]
[Source "ChessBase"]
[SourceDate "2009.07.02"]
[SourceVersion "2"]
[SourceVersionDate "2009.07.15"]
[SourceQuality "1"]

1. e4 c5 2. c3 Nf6 3. e5 Nd5 4. Bc4 Nb6 5. Bb3 Nc6 6. Nf3 g6 7. d4 cxd4 8. cxd4 Bg7 9. Ng5 0-0 10. Be3 h6 11. Ne4 d6 12. f4 Na5 13. Bc2 Nac4 14. Bc1 Nd5 15. Bb3 b5 16. Nbc3 Qa5 17. Qe2 Bb7 18. 0-0 Rac8 19. Kh1 Qb6 20. a4 b4 21. Bxc4 Nxc3 22. bxc3 d5 23. Nc5 dxc4 24. Nd7 Qc6 25. Nxf8 Bxf8 26. f5 bxc3 27. fxg6 fxg6 28. Ra3 Qe4 29. Qf2 c2 30. Re3 Qd5 31. Rg3 Kh7 32. Qxc2 Qe4 33. Qf2 Bg7 34. Re1 Rf8 35. Qd2 Qh4 36. Kg1 Bd5 37. Qe3 Rf5 38. h3 e6 39. Rg4 Qd8 40. Bd2 Qe8 41. a5 h5 42. Rg3 Bf8 43. Qe2 Qd8 44. Rf1 Rxf1+ 45. Qxf1 Be4 46. Qf7+ Bg7 47. Qxa7 Qh4 48. Kh2 1-0